[Event "Paris GCT 2018-Blitz"]
[Site "Paris"]
[Date "2018.06.23"]
[Round "8"]
[White "Kramnik, Vladimir"]
[Black "Anand, Viswanathan"]
[Result "1/2-1/2"]
[WhiteElo "2787"]
[BlackElo "2759"]
[Annotator "TA"]
[PlyCount "76"]
[EventDate "2018.06.23"]
[EventType "tourn"]
[EventCountry "FRA"]
[SourceTitle "playchess.com"]
[Source "ChessBase"]
[SourceQuality "1"]

{[%evp 14,76,26,20,21,23,16,16,35,38,36,22,63,64,85,88,87,80,97,93,224,217,235,226,194,152,206,198,187,83,81,84,102,81,86,87,133,119,93,80,198,126,161,177,123,108,120,99,156,81,79,78,75,87,77,27,76,34,57,20,18,-255,0,-20,0]} 1. e4 c6 2. d4 d5 3. exd5 cxd5 4. Nf3 Bg4 5. h3 Bxf3 6. Qxf3 Nc6 7. c3 Nf6 8. Bd3 {LiveBook: 4 Games} g6 {B13: Caro-Kann: Exchange Variation and Panov-Botvinnik Attack} 9. O-O Bg7 10. Bg5 (10. Nd2 O-O 11. Qe2 Qd6 12. Nf3 Nh5 13. Re1 f6 14. Qe6+ Qxe6 15. Rxe6 Bh8 16. Bb5 Kf7 17. Re2 a6 18. Ba4 b5 {1-0 (50) Gonzalez Gonzalez,A (2154)-Larino Nieto,D (2495) Sanxenxo 2017}) 10... Qb6 $146 ({Predecessor:} 10... O-O 11. Re1 a6 12. Nd2 b5 13. a3 Rc8 14. Nb3 {½-½ (26) Hirschmann,J (1678)-Richter,L (1553) Willingen 2009}) 11. b4 O-O 12. Nd2 Rad8 13. Rfe1 $36 {[%mdl 2048] White has some pressure.} Rfe8 14. Nb3 Qc7 15. Rac1 h6 16. Bf4 Qc8 (16... e5 $16 {was worth a try.} 17. Bh2 a6) 17. b5 $18 Nb8 18. c4 Nbd7 19. c5 Nf8 (19... e5 $16 {keeps fighting.}) 20. a4 Ne6 21. a5 (21. Be5 $18 {is more deadly.}) 21... Nxf4 $16 22. Qxf4 Nh5 23. Qf3 e5 24. dxe5 Rxe5 25. Rxe5 Bxe5 26. b6 Nf4 (26... axb6 $16 27. cxb6 Qb8) 27. Bf1 ({White should try} 27. bxa7 $18 Qa8 28. Re1 Nxd3 29. Qxd3) 27... Ne6 28. bxa7 Qa8 29. Re1 Bg7 30. Qg4 h5 (30... Qxa7 $142 31. Rxe6 fxe6) 31. Qb4 (31. Qh4 $142) 31... Qxa7 32. Qb6 Qxb6 33. cxb6 Bc3 34. Rd1 d4 35. Bc4 Rc8 36. Bxe6 fxe6 {[%cal Bf7e6,Be6e5][%mdl 32]} 37. Nxd4 $2 {[%mdl 8192] [#]} (37. Rb1 $11 {and White is okay.} Rc6 38. Kf1) 37... Bxa5 $2 (37... Rd8 $19 {And now ...e5 would win.} 38. a6 e5) 38. Rb1 e5 {Precision: White = 46%, Black = 46%.} 1/2-1/2

[Event "Paris GCT 2018-Blitz"]
[Site "Paris"]
[Date "2018.06.23"]
[Round "8"]
[White "Karjakin, Sergey"]
[Black "Aronian, Levon"]
[Result "1-0"]
[WhiteElo "2782"]
[BlackElo "2764"]
[Annotator "TA"]
[PlyCount "93"]
[EventDate "2018.06.23"]
[EventType "tourn"]
[EventCountry "FRA"]
[SourceTitle "playchess.com"]
[Source "ChessBase"]
[SourceQuality "1"]

{[%evp 25,93,8,20,9,10,5,16,9,14,9,7,0,7,-36,-37,-24,20,12,42,15,15,15,15,15,15,15,15,15,22,22,30,22,30,30,49,30,87,92,102,58,71,4,128,127,140,110,483,470,490,487,480,480,465,437,422,420,487,476,458,443,1514,1311,3295,3094,3314,2009,2595,2195,12838,12839]} 1. e4 e5 2. Nf3 Nc6 3. Bb5 {[%cal Bf1b5,Bb5a4,Ba4b3][%mdl 32]} a6 4. Ba4 Nf6 5. O-O Be7 6. d3 b5 7. Bb3 d6 8. a3 O-O 9. Nc3 Bg4 10. Be3 Nd4 {C84: Closed Ruy Lopez: Unusual White 6th moves} 11. Bxd4 exd4 12. Nd5 Nxd5 (12... c5 13. a4 Be6 14. Nxf6+ Bxf6 15. Bxe6 fxe6 16. Re1 Qc7 17. e5 dxe5 18. Nd2 {½-½ (35) Anand,V (2760)-Ding,L (2791) Stavanger 2018}) 13. Bxd5 Rc8 {LiveBook: 17 Games} 14. a4 c6 15. Bb3 d5 $146 ({Predecessor:} 15... Bh5 16. axb5 axb5 17. Re1 Bf6 18. h3 g5 19. g3 h6 20. Kg2 Rc7 21. Qd2 Kh7 22. Nh2 Bg6 23. Ra6 Bg7 24. g4 {½-½ (24) Pivinsky,E (2499)-Schoen,A (2490) ICCF email 2015}) 16. h3 Bh5 17. axb5 axb5 18. exd5 c5 $1 19. c4 dxc3 20. bxc3 Bd6 21. c4 bxc4 (21... b4 {is interesting.} 22. Ra6 Qe7 23. g4 Bg6 24. Re1 Qf6) 22. dxc4 Qf6 23. Bc2 Bxf3 24. Qxf3 Qxf3 25. gxf3 Ra8 26. Rfe1 $36 {[%mdl 2048] White is pushing.} g6 27. Ba4 Rfd8 28. Bb5 Rxa1 29. Rxa1 $11 {[%mdl 4096] Endgame KRB-KRB} Be5 30. Ra7 Rd6 (30... Kg7 $11 {remains equal.}) 31. Rc7 $16 Bd4 32. Kg2 Rf6 33. f4 (33. Rc8+ $16 Kg7 34. Rd8) 33... h6 (33... Rxf4 $11 34. f3 Kg7) 34. Rc6 {[#] Hoping for d6.} Rxf4 35. f3 {Strongly threatening d6.} Be3 $2 {[%mdl 8192]} (35... Bf6 $16 {is more resistant.}) 36. d6 $18 {[%cal Bd5d6,Bd6d7][%mdl 32]} Rd4 37. d7 Kg7 38. Rc8 Bg5 39. Rxc5 Rd2+ 40. Kf1 Bh4 41. Rc8 {White is clearly winning.} Rf2+ 42. Kg1 Rxf3 (42... Rb2 $142 43. d8=Q Bxd8 44. Rxd8 g5) 43. c5 {[%cal Bc4c5,Bc5c6,Bc6c7][%mdl 32]} Rc3 44. c6 Rc1+ 45. Kg2 Rc2+ 46. Kf3 f5 47. c7 {Precision: White = 67%, Black = 40%.} 1-0

[Event "Paris GCT 2018-Blitz"]
[Site "Paris"]
[Date "2018.06.23"]
[Round "8"]
[White "So, Wesley"]
[Black "Caruana, Fabiano"]
[Result "1/2-1/2"]
[WhiteElo "2778"]
[BlackElo "2816"]
[Annotator "TA"]
[PlyCount "133"]
[EventDate "2018.06.23"]
[EventType "tourn"]
[EventCountry "FRA"]
[SourceTitle "playchess.com"]
[Source "ChessBase"]
[SourceQuality "1"]

{[%evp 14,133,18,1,6,0,0,0,5,-23,0,-9,3,-10,-6,-35,-30,-22,-26,-35,-6,-41,0,0,7,-14,0,0,0,0,3,0,3,0,0,-116,0,-56,-65,-61,-68,-52,-42,-97,-93,-82,-87,-111,-90,-108,-106,-110,-91,-83,-47,-45,-28,-36,-29,-97,0,0,0,-118,-4,-51,0,0,0,0,0,0,0,0,0,0,0,0,0,0,0,0,0,0,0,0,0,0,0,0,0,0,0,0,0,0,0,0,0,-218,0,-15,0,-181,-8,-8,0,-8,0,0,0,0,0,0,0,0,0,0,0,0,0,0]} 1. c4 e5 2. Nc3 Nf6 3. Nf3 Nc6 4. g3 d5 5. cxd5 Nxd5 6. Bg2 Bc5 {A29: English Opening: Four Knights Variation with 4 g3} (6... Nb6 7. O-O Be7 8. d3 O-O 9. Be3 Be6 10. Rc1 Nd5 11. Nxd5 Bxd5 12. Qc2 Re8 13. a3 a5 14. Qa4 Bd6 15. Ng5 Bxg2 16. Qc4 Qe7 17. Kxg2 Nd4 18. Ne4 {½-½ (35) Anand,V (2760)-So,W (2778) Stavanger 2018}) 7. O-O O-O 8. d3 {LiveBook: 11 Games} Re8 9. Bd2 Nxc3 10. Bxc3 Nd4 $146 ({Predecessor:} 10... e4 11. dxe4 Qxd1 12. Rfxd1 Rxe4 {1-0 (48) Kupfner,F (2125)-Vasic,D (1630) Wattens 1997}) 11. Rc1 Bb6 12. Re1 Bg4 13. Bxd4 (13. Nd2 {feels hotter.} c6 14. a4 Bh5 15. h3 Bc7 16. b4) 13... exd4 14. a3 c6 15. Nd2 a5 16. Bf3 Be6 17. Qa4 Bc7 18. Ne4 Bd5 19. Nc5 Rb8 20. Bxd5 Qxd5 21. Qc4 Red8 22. b4 axb4 23. axb4 Qh5 24. b5 (24. Kg2 $11) 24... Ba5 (24... cxb5 $1 $17 25. Qxb5 b6) 25. Rf1 (25. bxc6 $1 $11 bxc6 26. Rf1) 25... cxb5 $15 26. Qxb5 b6 27. Qa4 $1 Qxe2 28. Na6 (28. Nd7 $15 Rbc8 29. Rxc8 Rxc8 30. Qb5) 28... Ra8 $17 29. Nc7 Rac8 30. Qb5 Bc3 31. Nd5 Qe6 $1 32. Nf4 Qd6 33. Rb1 Rb8 34. Rfc1 h6 35. Rc2 Rdc8 36. Re2 (36. Qd5 $11 Qf8 37. Qd7) 36... Qc6 (36... Rc5 $1 $17 {[%cal Rc5b5]} 37. Re8+ Kh7 38. Qxc5 Qxc5 39. Rxb8 Bd2) 37. Nd5 $11 Kh7 38. Qb3 (38. Re7 $11 {remains equal.}) 38... Re8 (38... b5 $17 39. Re7 Rf8) 39. Rc2 {[%cal Rd5c3]} Re5 (39... Rbc8 $15) 40. Nxc3 Rc5 {[%cal Rc5c3]} 41. Qxf7 dxc3 42. d4 Rc4 {White must now prevent ...b5.} 43. d5 Qg6 44. Qxg6+ Kxg6 {[%mdl 4096] Endgame KRR-KRR} 45. Rb3 b5 {[%cal Bb6b5,Bb5b4][%mdl 32] Hoping for ...b4.} 46. Rcxc3 Rxc3 47. Rxc3 {KR-KR} b4 48. Rb3 Kf5 49. Kf1 Ke5 50. Ke2 Kxd5 {...Kc4 is the strong threat.} 51. Kd3 Kc5 52. Kc2 Rf8 53. f4 Re8 {And now ...Re2+ would win.} 54. Rd3 $1 Kc4 {Threatens to win with ...Re2+.} 55. Rd7 Re2+ 56. Kb1 $2 {[#]} (56. Kd1 $1 $11 Rxh2 57. Rxg7) 56... Kb3 $2 ({But not} 56... Rxh2 57. Rxg7 Rg2 58. Kc1 $15) (56... g5 $1 $19 57. fxg5 hxg5) 57. Rd3+ $1 Kc4 $2 (57... Ka4 $11 58. h3 Re1+ 59. Kb2 Re2+ 60. Kc1 Re1+ 61. Kb2 Re2+ 62. Kc1 Re1+ 63. Kb2) 58. Rd7 $19 {[#]} Rxh2 $2 (58... g5 $1 $19 59. fxg5 hxg5) 59. Rxg7 $11 {The position is equal.} Kb3 {[%cal Rh2h1]} 60. Kc1 Rh1+ 61. Kd2 Kb2 62. f5 {aiming for Rg4.} Rf1 63. g4 b3 64. Ke2 Rf4 65. Ke3 Rf1 66. Ke2 Rf4 67. Ke3 {Precision: White = 58%, Black = 45%.} 1/2-1/2

[Event "Paris GCT 2018-Blitz"]
[Site "Paris"]
[Date "2018.06.23"]
[Round "8"]
[White "Nakamura, Hikaru"]
[Black "Mamedyarov, Shakhriyar"]
[Result "0-1"]
[WhiteElo "2769"]
[BlackElo "2808"]
[Annotator "TA"]
[PlyCount "114"]
[EventDate "2018.06.23"]
[EventType "tourn"]
[EventCountry "FRA"]
[SourceTitle "playchess.com"]
[Source "ChessBase"]
[SourceQuality "1"]

{[%evp 17,114,27,31,10,33,24,26,18,40,7,7,7,7,-18,-13,-13,-18,-29,-33,-60,-60,-60,-66,-53,-62,-54,-55,-56,-54,-54,-49,-90,-74,-81,-67,-82,-82,-82,-75,-75,-75,-75,-75,-83,-83,-82,-82,-89,-89,-81,-85,-86,-82,-78,-74,-74,-74,-77,-80,-80,-96,-143,-64,-70,-70,-77,-73,-584,-580,-580,-519,-823,-690,-5804,-4083,-29968,-29969,-29967,-29965,-29951,-6083,-29978,-29973,-29972,-29967,-29975,-29974,-29977,-29969,-29976,-29977,-29975,-29978,-29978,-29979,-29979,-29980,-29977,-29981]} 1. Nf3 Nf6 2. b3 g6 3. Bb2 Bg7 4. d4 O-O 5. e3 d5 6. c4 {D04: Colle System} c5 7. dxc5 Qa5+ 8. Nbd2 Qxc5 9. Rc1 Nc6 {LiveBook: 4 Games} 10. a3 a5 $146 ({Predecessor:} 10... dxc4 11. Bxc4 Qd6 12. O-O {1-0 (27) Nakamura,H (2786)-Grigoriants,S (2576) chess.com INT 2017}) 11. Be2 Rd8 12. O-O dxc4 13. Nd4 Nxd4 14. Bxd4 Qxa3 {Strongly threatening ...cxb3.} 15. Nxc4 Qb4 16. Nb6 Rb8 17. Rc4 Qd6 18. Qa1 Be6 19. Ra4 Ng4 20. Bxg4 $1 Bxd4 21. Rxd4 Qxb6 22. Bxe6 {aiming for Bd7.} fxe6 23. Ra4 Rd5 24. Rb1 Rbd8 25. h3 Qc7 26. b4 {[%cal Rb4a5]} Qc2 {White must now prevent ...Rd1+.} 27. Qa2 Rd1+ 28. Rxd1 Rxd1+ 29. Kh2 Qxa2 30. Rxa2 axb4 $17 {[%mdl 4096] Endgame KR-KR} 31. Rb2 Rd5 32. Rxb4 b5 33. Kg3 Kf7 34. Kf3 Ke8 35. Rh4 h5 36. Re4 Kd7 37. Ke2 Kd6 38. g4 hxg4 39. Rxg4 {[#]} g5 (39... Kc5 $1 $17 40. Rxg6 b4) 40. f4 gxf4 41. Rxf4 {[#]} Kc5 $1 {...b4 is the strong threat.} 42. Re4 $2 {[%mdl 8192]} (42. Rf7 $17 {keeps some hope.}) 42... e5 $19 {[%cal Be6e5,Be5e4][%mdl 32]} 43. Rg4 b4 {[%cal Bb5b4,Bb4b3][%mdl 32]} 44. Rg8 (44. Rg7 $142 b3 45. Rxe7) 44... b3 45. h4 e4 46. Rc8+ Kb4 47. Rb8+ Kc3 48. Rc8+ Kb2 49. Rh8 Kc2 {Black mates.} 50. Rc8+ Kb1 51. Kf2 b2 52. Kg3 Rd3 53. h5 Ka2 54. Ra8+ Ra3 55. Rb8 Rxe3+ 56. Kf4 Rb3 57. Ra8+ Ra3 {Precision: White = 54%, Black = 78%.} 0-1

[Event "Paris GCT 2018-Blitz"]
[Site "Paris"]
[Date "2018.06.23"]
[Round "8"]
[White "Grischuk, Alexander"]
[Black "Vachier-Lagrave, Maxime"]
[Result "1/2-1/2"]
[WhiteElo "2766"]
[BlackElo "2789"]
[Annotator "TA"]
[PlyCount "87"]
[EventDate "2018.06.23"]
[EventType "tourn"]
[EventCountry "FRA"]
[SourceTitle "playchess.com"]
[Source "ChessBase"]
[SourceQuality "1"]

{[%evp 25,87,40,55,39,39,31,45,42,40,33,45,46,43,39,49,42,75,68,79,78,85,68,68,74,77,46,76,39,66,41,102,95,116,73,91,88,113,109,106,108,112,106,112,108,97,98,107,119,122,118,115,128,141,136,121,11,14,8,8,8,8,8,8,8]} 1. d4 Nf6 2. Nf3 g6 3. e3 Bg7 4. Be2 O-O 5. O-O d6 6. b3 Nc6 7. Bb2 e5 8. dxe5 Ng4 9. c4 Ngxe5 10. Nc3 Re8 {E60: Königsindisch (ohne Sc3)} 11. Qd2 Nxf3+ 12. Bxf3 Ne5 13. Be2 Be6 {LiveBook: 5 Partien} (13... Bd7 14. Rad1 Bc6 15. Nd5 a5 16. Rfe1 b6 17. f4 Bxd5 18. cxd5 {1-0 (37) Nakamura,H (2791)-Vachier Lagrave,M (2819) chess.com INT 2016}) 14. Rac1 Nd7 15. Bf3 Rb8 16. Rfd1 a6 $146 17. Ne4 Bxb2 18. Qxb2 Qe7 19. Qd4 Red8 20. Nc3 Ne5 21. Be2 Nc6 22. Qd2 Ne5 23. Nd5 Bxd5 $1 24. cxd5 Rbc8 25. b4 Nd7 26. h3 Nf6 27. a4 Kg7 ({Günstiger ist} 27... a5 $14) 28. a5 Qe8 29. Qd4 Qe5 30. Qd3 h6 31. Rc4 Rd7 32. Rdc1 Qxd5 33. Qxd5 Nxd5 34. Bg4 f5 35. Bf3 b5 36. axb6 $1 Nxb6 {[#]} 37. Rc6 $1 {[%cal Rc6b6] Droht Txb6! und aus.} Rb8 38. Rxc7 Rxc7 39. Rxc7+ $16 {KTL-KTS} Kf6 40. Ra7 ({Lieber} 40. Rb7 $16 Rxb7 41. Bxb7) 40... Nc4 $11 {Die Stellung ist ausgeglichen.} 41. Rb7 Rxb7 42. Bxb7 a5 43. Ba6 d5 44. bxa5 {Precision: Weiß = 59%, Schwarz = 56%.} 1/2-1/2

[Event "Paris GCT 2018-Blitz"]
[Site "Paris"]
[Date "2018.06.23"]
[Round "9"]
[White "Caruana, Fabiano"]
[Black "Nakamura, Hikaru"]
[Result "0-1"]
[WhiteElo "2816"]
[BlackElo "2769"]
[Annotator "TA"]
[PlyCount "98"]
[EventDate "2018.06.23"]
[EventType "tourn"]
[EventCountry "FRA"]
[SourceTitle "playchess.com"]
[Source "ChessBase"]
[SourceQuality "1"]

{[%evp 10,98,25,28,56,24,24,23,75,75,80,85,123,131,123,57,61,56,66,55,60,53,57,43,98,98,94,69,79,45,59,64,57,47,73,68,68,72,66,66,68,68,70,43,85,85,77,55,68,38,35,31,35,10,23,8,4,-4,0,0,-3,-43,-41,-88,0,0,0,0,5,0,99,71,168,0,0,0,0,-419,-419,-419,-419,-419,-419,-416,-395,-427,-418,-418,-418,-407,-403]} 1. d4 Nf6 2. Bf4 c5 3. d5 g6 4. Nc3 d6 5. e4 Bg7 6. Nf3 {LiveBook: 19 Games} Qb6 {A43: Schmid Benoni} (6... O-O 7. Bd3 Bg4 8. h3 Bxf3 9. Qxf3 Na6 10. Qd1 Nc7 11. O-O b5 12. a3 Rb8 13. Re1 a5 14. Qd2 {1-0 (55) Grischuk,A (2795)-Kramnik,V (2760) Sochi 2014}) 7. Bb5+ $146 ({Predecessor:} 7. Bd2 O-O 8. Bd3 Bg4 9. O-O Nbd7 10. h3 Bxf3 11. Qxf3 Ne5 12. Qe2 Rac8 13. Na4 Qc7 14. c4 {0-1 (40) Riedel,B (1879)-Schmidt,J (2003) Leipzig 2018}) 7... Bd7 8. a4 a6 (8... Bxb5 $11 {remains equal.} 9. axb5 Nbd7) 9. a5 $16 Qd8 10. Be2 b5 11. axb6 $1 Qxb6 12. Rb1 (12. Ra2 $16) 12... Bb5 13. O-O Nbd7 14. Re1 O-O 15. h3 Rfd8 16. Nd2 Rab8 (16... Rdb8 $14) 17. Nc4 ({Of course not} 17. Nxb5 axb5 18. Be3 Qb7 $14) 17... Qc7 18. Qd2 Ne8 19. Bf1 Bxc4 20. Bxc4 Qa5 21. Qd3 Nc7 22. Ra1 Qb4 23. Na4 $1 Ne5 24. Bxe5 $1 Bxe5 25. c3 Qb7 26. Rf1 Qc8 27. f4 Bg7 28. Rae1 Qd7 29. b3 Nb5 30. Ra1 Kh8 31. Ra2 e6 32. dxe6 fxe6 33. f5 exf5 34. exf5 d5 35. f6 Bf8 36. Bxb5 Qxb5 ({Black should play} 36... axb5 $17 37. Nb2 Qe6) 37. Qg3 $1 $11 Bd6 $36 {[%mdl 2048] Black is pushing.} 38. Qf2 Bf8 39. f7 Qc6 {[#]} (39... d4 $1 $11) 40. Re2 $1 $16 {aiming for Rfe1.} d4 {[#]} (40... c4 $16 {was necessary.}) 41. Qe1 $2 (41. Rfe1 $1 $18 dxc3 42. Nxc3) 41... d3 $1 $11 {[%cal Rd3e2]} 42. Re6 Qd5 {...d2 is the strong threat.} 43. Nb6 $2 {[%mdl 8192]} (43. Nb2 $11 {and White has nothing to worry.} d2 44. Qe3) 43... d2 $19 44. Nxd5 {Intending Qe5+ and mate.} dxe1=Q ({Inferior is} 44... dxe1=N 45. Nc7 $15) (44... dxe1=B $2 45. c4 $19) 45. Rfxe1 {Strongly threatening Re8.} Rxd5 46. Re8 Rdd8 47. R1e6 Kg7 48. Rxd8 Rxd8 49. Rxa6 Rd3 {Precision: White = 42%, Black = 57%.} 0-1

[Event "Paris GCT 2018-Blitz"]
[Site "Paris"]
[Date "2018.06.23"]
[Round "9"]
[White "Mamedyarov, Shakhriyar"]
[Black "Karjakin, Sergey"]
[Result "1-0"]
[WhiteElo "2808"]
[BlackElo "2782"]
[Annotator "TA"]
[PlyCount "145"]
[EventDate "2018.06.23"]
[EventType "tourn"]
[EventCountry "FRA"]
[SourceTitle "playchess.com"]
[Source "ChessBase"]
[SourceQuality "1"]

{[%evp 12,145,24,-31,-5,-31,0,-6,-27,-21,-18,-60,-73,-66,-42,-47,-29,-32,-21,-25,-5,-57,-62,-27,-8,-58,13,0,57,-8,-4,-18,-18,-19,-12,-14,-25,-19,-10,-9,127,108,321,315,289,260,267,266,203,180,192,183,173,171,225,77,83,84,239,132,136,132,131,63,71,71,417,417,417,395,310,15,14,8,8,-103,11,10,11,12,12,0,14,14,14,14,14,14,37,0,0,0,0,0,0,0,0,0,0,0,0,0,0,0,0,-174,0,0,230,230,495,484,421,322,430,426,400,397,29975,29976,29976,29977,29977,29978,29978,29979,29979,29980,29980,29979,29980,29979,29982,29983,29985,29986]} 1. d4 {Moradiabadi,E} Nf6 2. c4 e6 3. Nf3 d5 4. Nc3 Be7 5. Bf4 O-O 6. e3 Nbd7 7. g4 {LiveBook: 3 Games. D37: Queen's Gambit Declined: 5 Bf4} (7. Qc2 $11) 7... dxc4 $15 8. Bxc4 c5 9. g5 {The position is equal.} Nh5 10. Bg3 $146 ({Predecessor:} 10. Be5 a6 11. Bd3 g6 12. h4 Nxe5 13. dxe5 b5 14. Nh2 Ra7 {0-1 (40) Mamedyarov,S (2746)-Anand,V (2817) Bastia 2011 EXT 2012 [Moradiabadi,E]}) 10... g6 11. Qe2 cxd4 12. Nxd4 Nb6 13. Bb3 Bb4 14. Nf3 Bd7 15. Rd1 Qe7 16. O-O (16. Be5 $11) 16... Nxg3 17. hxg3 Bc6 18. Nb5 Rfd8 (18... Bxf3 $15 19. Qxf3 Qxg5) 19. Nbd4 Be4 (19... Be8 $11) 20. Bc2 (20. Ne5 $14) 20... Bd5 $11 21. e4 Bxa2 22. b3 e5 {[#]} 23. Nf5 $1 {[%cal Rf5e7][%mdl 512]} gxf5 24. exf5 {[#] Threatens to win with f6.} e4 $1 25. f6 $1 {[%cal Rf6e7]} (25. Bxe4 Bxb3) 25... Qe6 (25... Qe8 $11 26. Qxe4 Qxe4 27. Bxe4 Rxd1 28. Rxd1 Bxb3) 26. Nd4 $16 Qh3 $2 (26... Qe5 $16 27. Bxe4 Re8 28. Bxb7 Qxe2 29. Nxe2 Rab8) 27. Bxe4 $18 {And now Bf5 would win.} Re8 28. Qf3 $1 Nd7 29. Bf5 Ne5 30. Qe2 ({But not} 30. Bxh3 $6 Nxf3+ 31. Nxf3 Bxb3 $14) 30... Ng4 31. Bxg4 ({Don't play} 31. Qxg4 $6 Qxg4 32. Bxg4 Rad8 $16) 31... Rxe2 32. Bxh3 Re5 (32... Rb2 $142) 33. Rd3 (33. Nf5 $18) 33... Rd8 $16 34. Ra1 $36 {[%mdl 2048] White is on the roll.} Bc5 $2 (34... Re1+ $16 {was worth a try.} 35. Rxe1 Bxe1) 35. Rxa2 (35. Nf3 $18 Rxd3 36. Nxe5 Rxg3+ 37. Kh2 Rxg5 38. f4 Rxe5 39. fxe5 Bxb3 40. Rb1) 35... Rxd4 36. Rxd4 Bxd4 $18 {[%mdl 4096] Endgame [#] KRB-KRB} 37. Rd2 ({White should play} 37. Rc2 $1 $16 {[%cal Rc2c8] Intending Rc8+ and mate.} Bc5 38. Kf1) 37... Bb6 $14 38. Rc2 {Threatening mate with Rc8+.} Rc5 $2 {[%mdl 8192]} (38... h6 $16 {is more resistant.}) 39. Re2 $18 {[%cal Re2e8]} h5 40. Bg2 {White threatens Re8+ and mate.} Kf8 41. Bh3 $2 (41. Bxb7 $18 Ba5 42. Kg2) 41... Rxg5 $11 42. Bd7 {[%csl Gd7][%cal Re2e8]} Kg8 43. Re7 (43. Kg2 $11 {keeps the balance.}) 43... Rd5 (43... Rxg3+ $1 $17 44. Kh2 Rf3) 44. Be8 Rf5 45. Bxf7+ Kf8 46. Bc4 Rxf6 47. Re2 Bc5 48. Kg2 b6 49. f3 Rg6 50. Re5 Bd6 51. Rf5+ Kg7 52. f4 h4 $1 53. Rf7+ Kh6 54. Kh3 {aiming for g4.} hxg3 {( -> ...g2)} 55. Kg2 {Black must now prevent Bd3.} Rg4 56. Rf6+ Rg6 57. Rf7 {Hoping for Bd3.} Rg4 58. f5 $2 {[#]} (58. Rf6+ $11 {and White has nothing to worry.} Rg6 59. Rf7) 58... Be5 $2 (58... Rd4 $1 $19 {[%cal Rd4d2] Strongly threatening ...Rd2+.} 59. Be2 a5) 59. Re7 Re4 $2 (59... Bf6 $11 {and Black is okay.} 60. Rxa7 Kg5) 60. f6 $1 $18 {[%cal Rf6f7]} ({Stronger than} 60. Rxa7 Rh4 $17) 60... Rf4 $2 (60... Rxc4 {was necessary.} 61. bxc4 Bxf6 62. Rxa7 Kg5) 61. Rxe5 Rxf6 {KRB-KR} 62. Re7 a5 63. Kxg3 Kg5 64. Re5+ Rf5 $2 (64... Kg6 $18 65. Rd5 Kg7 66. Rd7+ Kf8) 65. Rxf5+ {White mates.} Kxf5 {KB-KPP} 66. Kf3 Ke5 67. Ke3 Kd6 68. Kd4 Kc6 69. Be2 b5 70. Bf3+ Kb6 71. Bg2 a4 72. b4 Ka6 73. Kc5 {Precision: White = 52%, Black = 43%.} 1-0

[Event "Paris GCT 2018-Blitz"]
[Site "Paris"]
[Date "2018.06.23"]
[Round "9"]
[White "Vachier-Lagrave, Maxime"]
[Black "Kramnik, Vladimir"]
[Result "1-0"]
[WhiteElo "2789"]
[BlackElo "2787"]
[Annotator "TA"]
[PlyCount "88"]
[EventDate "2018.06.23"]
[EventType "tourn"]
[EventCountry "FRA"]
[SourceTitle "playchess.com"]
[Source "ChessBase"]
[SourceQuality "1"]

{[%evp 19,88,14,15,20,20,20,20,13,20,10,13,18,8,11,38,37,28,42,62,46,55,45,72,73,77,60,63,21,20,0,44,53,114,95,202,202,385,376,396,235,248,235,243,226,458,235,348,321,348,335,722,617,617,617,824,800,1209,1205,4185,1183,29984,1170,932,873,29953,29952,29942,5832,6087,5869,29992]} 1. e4 e5 2. Nf3 Nc6 3. Bc4 Bc5 4. c3 Nf6 5. d3 a6 6. a4 d6 7. O-O O-O 8. Re1 {C54: Giuoco Piano: 4 c3 Nf6, main lines with 5 d4 and 5 d3} h6 9. h3 Re8 10. Nbd2 Be6 {LiveBook: 28 Games} 11. b4 Bxc4 12. Nxc4 Ba7 13. Qc2 $146 ({Predecessor:} 13. Be3 d5 14. exd5 Qxd5 15. Bxa7 Rxa7 {½-½ (54) Topalov,V (2761)-Kramnik,V (2812) Paris 2016}) 13... d5 14. Ne3 Bxe3 15. Bxe3 Qd7 16. b5 axb5 17. axb5 Rxa1 18. Rxa1 Ne7 {[%cal Bc6e7,Be7g6,Bg6f4][%mdl 32]} 19. Nxe5 Qxb5 20. c4 dxc4 21. Nxc4 Ng6 22. Rb1 Qa6 23. Bd4 Nh5 24. Be3 Ngf4 25. Kh2 $36 {[%mdl 2048] Hoping for g4. White has some pressure.} Qc6 (25... b5 $14 26. Nd2 Qd6) 26. g4 b5 {[#]} (26... Ne6 $16 {was necessary.}) 27. Na3 $1 $18 ({Much less strong is} 27. gxh5 $6 Ne6 $16) 27... Qd6 $2 (27... Qxc2 28. Nxc2 Nxd3) 28. Nxb5 Qe5 {Black wants to play ...Nxd3+.} 29. gxh5 (29. Qxc7 $142 Nxd3+ 30. Qxe5 Rxe5 31. gxh5) 29... Nxd3+ 30. Kg1 Qxe4 31. Rb3 Rd8 $2 (31... Nf4 32. Qxe4 Rxe4 33. Nxc7 Nxh5) 32. Nd4 (32. Qxc7 $142 Qa8 33. Nd4) 32... c5 (32... Ra8 $142 33. Qb1 (33. Rxd3 Ra1+ 34. Bc1 Qe1+ 35. Kg2 Rxc1 $16) 33... c5 34. Rxd3 cxd4 35. Bxh6 Ra5) 33. Qxd3 Qd5 34. Rb5 Qxh5 $2 (34... Qd6 35. Qa3 cxd4 36. Qxd6 Rxd6) 35. Qc2 Qxh3 {With the idea ...Qg4+.} 36. Qf5 Qh4 37. Rxc5 g6 38. Qf3 Rb8 39. Kg2 Qe7 40. Qd5 (40. Nc6 $142 Qb7 41. Nxb8 Qxf3+ 42. Kxf3 Kh7 43. Rc7 g5 44. Rc6 Kg7 45. Bd4+ f6 46. Kg4) 40... Re8 41. Rc6 {[#] White threatens Rxg6+ and mate.} Kh7 42. Nf3 Rd8 43. Qe5 (43. Qc4 $142 Ra8 44. Qf4 Qf8 45. Bd4 Ra4 46. Rc7 Kg8 47. Ne5 Rxd4 48. Qxd4) 43... Qd7 44. Rc4 {White wants to mate with Bxh6!} Kg8 {Precision: White = 48%, Black = 38%.} 1-0